• 首页
  • 本馆介绍
  • 公告通知
  • 最新文献
  • 馆藏检索
  • 电子资源
  • 读者导购
  • 参考咨询
  • 我的图书馆
  • 登录
  • 详细信息显示
  • 放入我的书架
  • 预约/预借图书
  • 作者相关作品
  • 分类相关作品
  • 丛书相关作品
  • 出版社相关作品

书目信息

  • 表格格式
  • 工作单格式
  • 卡片格式
题名:
2002年注册会计师全国统考应试指导 会计
    
 
作者: 陈少华 主编
分册:  
出版信息: 厦门   厦门大学出版社  2002.04
页数: 391页
开本: 16开
丛书名: CPA全国统考指定教材配套指导用书
单 册:
中图分类: F23
科图分类:
主题词: 会计
电子资源:
ISBN: 7-5615-1872-2
000 00715nam0 2200217 45
001 0206160955
005 20020616094338.9
010    @a7-5615-1872-2@d38.00元
100    @a20020616d2002 km y0chiy0120 ea
101 0  @achi
105    @a z 000yy
200 1  @a2002年注册会计师全国统考应试指导 会计@A2002 Nian Zhu Ce Kuai Ji Shi Quan Guo Tong Kao Ying Shi Zhi Dao Kuai Ji@f陈少华主编@FChen Shao Hua Zhu Bian
210    @a厦门@c厦门大学出版社@d2002.04
215    @a391页@d16开
225    @aCPA全国统考指定教材配套指导用书
410    @12001 @aCPA全国统考指定教材配套指导用书
606 0  @a会计
690    @aF23@v3
701  0 @a陈少华@4主编
801    @aCN@bPftUser@c20020616
905    @aBZT@b340543-544@dF23@e1@f2
    
    2002年注册会计师全国统考应试指导 会计/陈少华主编.-厦门:厦门大学出版社,2002.04
    391页;16开.-(CPA全国统考指定教材配套指导用书)
    
    
    ISBN 7-5615-1872-2:38.00元
    
●
相关链接 在五车中查询图书 在当当中查询图书 在豆瓣中查询图书


正题名:2002年注册会计师全国统考应试指导 会计     索取号:F23/1         预约/预借

序号 登录号 条形码 馆藏地/架位号 状态 备注
1 340543   201167922   中心书库北库/ 北库008架A面4列5层51/ [索取号:F23/1] 在馆    
2 340544   201173041   中心书库北库/ 北库008架A面4列1层11/ [索取号:F23/1] 在馆    
山东省滨州职业学院图书馆 欢迎您!
大连网信软件有限公司© 版权所有